Odpowiedź zaczyna się na "K" - Statystyki

Ogólne statystyki
  • Ten quiz został rozwiązany 139 razy
  • Średni wynik to 9 z 15
Statystyki odpowiedzi
Opis Odpowiedź % Poprawnych
Narzędzie górnicze w kształcie małego młotka z ostrzem, używane do wydobywania skał i minerałów. Kilof
87%
Skorupiak morski, znany ze swoich dwóch dużych szczypiec i charakterystycznego sposobu poruszania się bokiem. Krab
87%
Roślina charakterystyczna dla obszarów pustynnych, znana ze swoich zdolności do przetrwania w trudnych warunkach klimatycznych. Kaktus
86%
Proces osiedlania i zakładania kolonii na obszarach obcych krajów lub terytoriów. Kolonizacja
74%
Zwierzę o wieloletniej relacji z człowiekiem, znane z siły, szybkości i zdolności do pracy. Koń
74%
Humorystyczny rysunek, który przerysowuje i wyolbrzymia pewne cechy postaci lub zjawiska w celu komentowania lub wywołania śmiechu. Karykatura
68%
To państwo w Afryce Wschodniej, znane z pięknych krajobrazów, w tym Safari Narodowego Parku Masai Mara oraz Kilimandżaro - najwyższego szczytu Afryki. Kenia
67%
To miasto w Republice Południowej Afryki, znane z malowniczych krajobrazów, takich jak Góra Stołowa oraz różnorodnych atrakcji turystycznych. Kapsztad
56%
Amerykański muzyk i lider zespołu Nirvana, który odegrał istotną rolę w rozwoju muzyki grungeowej w latach 90 - imię Kurt
56%
Mała roślina z rodziny kosaćcowatych, która wiosną wytwarza kolorowe kwiaty, często symbolizujące nadchodzącą wiosnę. Krokus
53%
Urządzenie optyczne składające się z luster i kolorowych kawałków szkła, które tworzy zmieniające się wzory i obrazy. Kalejdoskop
42%
Wybitny polski reżyser filmowy, znany z filmów takich jak "Dekalog" czy "Trzy kolory: Niebieski". Krzysztof Kieślowski
38%
Słynny niemiecki projektant mody, znany przede wszystkim ze swojej pracy dla domu mody Chanel - imię Karl
34%
Miasto we wschodnich Indiach, stolica stanu Bengal Zachodni; znane z kulturalnej różnorodności, literackiego dziedzictwa i ważnej roli w historii kraju. Kalkuta
32%
Choroba metaboliczna, która wynika z niedoboru witaminy D i/lub wapnia, prowadząca do osłabienia kości i ich zniekształcenia. Krzywica
16%
Nie znaleziono quizów pasujących do podanych kryteriów
Rozkład punktacji
Procent ludzi z każdym wynikiem
Percentyl według liczby udzielonych odpowiedzi
Twoja historia wyników
Nie rozwiązałeś tego quizu